| 000 | 00490nam a22001577a 4500 | ||
|---|---|---|---|
| 005 | 20231121062028.0 | ||
| 008 | 231121b |||||||| |||| 00| 0 eng d | ||
| 020 | _a0620033215 | ||
| 041 | _aEnglish | ||
| 082 | _a343.4 MEY | ||
| 100 |
_aMeyerowitz, D and Spiro, E _lEnglish |
||
| 245 |
_aPermanent Volume on Income Tax in South Africa / _cD Meyerowitz and E Spiro |
||
| 300 |
_bii, 729 pages ; _c25 cm. |
||
| 650 |
_aLegal practice _bLaw |
||
| 942 |
_cBK _6ALISON_BN_VRIES |
||
| 999 |
_c814 _d814 |
||